00517nam a2200145 a 4500008004100000020001800041050001700059100001900076245010500095260004800200300001700248650002300265650002700288650005600315200720s2018 ||||||||||||||||| || u a9781107189959 aBD 418.3 Ell aEllis, Ralph D14aThe moral psychology of internal conflict : value, meaning, and the enactive mindcBy Ralph D. Ellis aCambridgebCambridge University Pressc2018 ax, 236 pages aPHILOSOPHY OF MIND aAFFECTIVE NEUROSCIENCE aPSYCHOLOGY--MORAL AND ETHICAL ASPECTS--CASE STUDIES